Налоги и налоговая система Российской Федерации: учебник для вузов

Bibliografiske detaljer
Hovedforfatter: Пансков В. Г. Владимир Георгиевич
Institution som forfatter: Финансовая академия при Правительстве Российской Федерации
Summary:Рассматриваются общие вопросы теории налогов и налогообложения: экономическая сущность и функции налогов, их классификация и планирование, принципы налогообложения, налоговые реформы и налоговая политика. Выделены вопросы налогового администрирования и организации налоговой службы. Освещены существующие в Российской Федерации налоговая система и практика налогообложения. Дана полная характеристика налогов и сборов, действующих в российской налоговой системе. Для студентов экономических, финансовых, налоговых и юридических вузов. Представляет интерес для сотрудников налоговой и финансовой систем, а также работников предприятий различных форм собственности.
Sprog:russisk
Udgivet: Москва, Финансы и статистика, 2006
Fag:
Format: MixedMaterials Bog
KOHA link:https://koha.lib.tpu.ru/cgi-bin/koha/opac-detail.pl?biblionumber=91246

MARC

LEADER 00000nam0a2200000 4500
001 91246
005 20231101213748.0
010 |a 5279030120 
035 |a (RuTPU)RU\TPU\book\97830 
090 |a 91246 
100 |a 20060221d2006 m y0rusy50 ca 
101 0 |a rus 
102 |a RU 
105 |a y j 001zy 
200 1 |a Налоги и налоговая система Российской Федерации  |e учебник для вузов  |f В. Г. Пансков  |g Финансовая академия при Правительстве Российской Федерации 
210 |a Москва  |c Финансы и статистика  |d 2006 
215 |a 460 с. 
320 |a Библиогр.: с. 459-460. 
330 |a Рассматриваются общие вопросы теории налогов и налогообложения: экономическая сущность и функции налогов, их классификация и планирование, принципы налогообложения, налоговые реформы и налоговая политика. Выделены вопросы налогового администрирования и организации налоговой службы. Освещены существующие в Российской Федерации налоговая система и практика налогообложения. Дана полная характеристика налогов и сборов, действующих в российской налоговой системе. Для студентов экономических, финансовых, налоговых и юридических вузов. Представляет интерес для сотрудников налоговой и финансовой систем, а также работников предприятий различных форм собственности. 
451 1 |0 (RuTPU)RU\TPU\book\91453  |t Налоги и налоговая система Российской Федерации  |o учебник для вузов  |f В. Г. Пансков  |g Финансовая академия при Правительстве Российской Федерации  |c М.  |n Финансы и статистика  |d 2005  |p 460 с.  |a Пансков, Владимир Георгиевич 
606 1 |a Налоги  |2 stltpush  |3 (RuTPU)RU\TPU\subj\36467  |9 57834 
610 1 |a экономика 
610 1 |a финансы 
610 1 |a налоги 
610 1 |a налоговая система 
610 1 |a налоговая политика 
610 1 |a налогообложение 
610 1 |a Российская Федерация 
610 1 |a налоговое законодательство 
610 1 |a налоговые службы 
610 1 |a федеральные налоги 
610 1 |a налог на добавленную стоимость 
610 1 |a налог на прибыль 
610 1 |a налог на доходы физических лиц 
610 1 |a налог на имущество организаций 
610 1 |a сборы 
610 1 |a акцизы 
610 1 |a единый социальный налог 
610 1 |a единый сельскохозяйственный налог 
610 1 |a государственная пошлина 
610 1 |a водный налог 
610 1 |a региональные налоги 
610 1 |a игорный бизнес 
610 1 |a транспортный налог 
610 1 |a местные налоги 
610 1 |a земельный налог 
610 1 |a малое предпринимательство 
610 1 |a учебники 
610 1 |a типология 
686 |a У9(2)261.4я73  |v LBC/SL-A  |2 rubbk 
700 1 |a Пансков  |b В. Г.  |g Владимир Георгиевич 
712 0 2 |a Финансовая академия при Правительстве Российской Федерации  |2 stltpush  |3 (RuTPU)RU\TPU\col\159 
801 1 |a RU  |b 63413507  |c 20060221  |g PSBO 
801 2 |a RU  |b 63413507  |c 20210421  |g PSBO 
900 |a Налоги и налогообложение 
900 |a Финансы и кредиты 
900 |a Бухгалтерский учет и аудит 
942 |c BK 
952 |b 080105  |b 080107  |b 080109 
959 |a 17/20060217  |d 2  |e 392  |f АНЛ:1  |f ЧЗГЛ:1